[Event "Eforie Nord op"]
[Site "Eforie Nord"]
[Date "2014.06.27"]
[Round "4"]
[White "Murariu, Andrei"]
[Black "Kutnik, Alexandru"]
[Result "1/2-1/2"]
[WhiteElo "2513"]
[BlackElo "2132"]
[PlyCount "102"]
[EventDate "2014.06.24"]
[EventType "swiss"]
[EventRounds "11"]
[EventCountry "ROU"]
[SourceTitle "CBM 161 Extra"]
[Source "ChessBase"]
[SourceDate "2014.08.29"]
[SourceVersion "1"]
[SourceVersionDate "2014.08.29"]
[SourceQuality "1"]

1. e4 d6 2. d4 Nf6 3. Nc3 e5 4. Nge2 Nbd7 5. g3 Be7 6. Bg2 h5 7. h3 c6 8. a4 Qc7 9. Be3 h4 10. g4 Nf8 11. Qd2 N6h7 12. f4 g5 13. fxe5 dxe5 14. d5 Bb4 15. 0-0 f6 16. Nb5 Bxd2 17. Nxc7+ Kd8 18. Bxd2 Kxc7 19. b4 Ng6 20. c4 Nf4 21. Nc3 Bd7 22. Rfb1 Rhb8 23. Bf1 Nf8 24. Be3 Be8 25. b5 Nd7 26. a5 a6 27. Ba7 Rxa7 28. b6+ Kc8 29. bxa7 Ra8 30. dxc6 bxc6 31. Rb6 Kc7 32. Rxa6 Nc5 33. Rb6 Rxa7 34. Rb2 Bg6 35. Kh2 Bxe4 36. Nxe4 Nxe4 37. c5 Nxc5 38. a6 e4 39. Rc2 Kd6 40. Bc4 Ncd3 41. Rb1 Kc7 42. Bb5 Ne5 43. Rbc1 e3 44. Bxc6 e2 45. Bf3+ Kd6 46. Bxe2 Nxe2 47. Rxe2 Rxa6 48. Rc3 Rb6 49. Ra3 Ke6 50. Rea2 Rd6 51. Ra6 Ng6 1/2-1/2

[Event "Golden Sands Europe op 3rd"]
[Site "Golden Sands"]
[Date "2014.06.10"]
[Round "1"]
[White "Kutnik, Alexandru"]
[Black "Firman, Nazar"]
[Result "1-0"]
[WhiteElo "2132"]
[BlackElo "2485"]
[PlyCount "79"]
[EventDate "2014.06.10"]
[EventType "swiss"]
[EventRounds "9"]
[EventCountry "BUL"]
[SourceTitle "CBM 160 Extra"]
[Source "ChessBase"]
[SourceDate "2014.07.01"]
[SourceVersion "1"]
[SourceVersionDate "2014.07.01"]
[SourceQuality "1"]

1. d4 Nf6 2. Nf3 e6 3. c4 Bb4+ 4. Bd2 a5 5. Nc3 0-0 6. e3 Re8 7. a3 Bf8 8. Bd3 d6 9. Qc2 Nc6 10. 0-0 e5 11. d5 Ne7 12. h3 c6 13. e4 Ng6 14. Rfe1 Bd7 15. b4 Nf4 16. Bf1 cxd5 17. Nxd5 N6xd5 18. cxd5 Rc8 19. Qd1 axb4 20. axb4 g6 21. Rc1 Ra8 22. b5 Bg7 23. Bb4 Qb6 24. Qd2 Bh6 25. Qb2 f5 26. Nd2 Ra4 27. Nc4 Qxb5 28. Rb1 Qa6 29. Nxd6 Qa8 30. Nxe8 Qxe8 31. g3 Nh5 32. exf5 Bg7 33. g4 Nf4 34. Bc3 gxf5 35. Bxe5 fxg4 36. Bxg7 Qg6 37. Qf6 Qxf6 38. Bxf6 Nxd5 39. Be5 Bc6 40. Kh2 1-0

[Event "Iasi op"]
[Site "Iasi"]
[Date "2014.05.12"]
[Round "3"]
[White "Kutnik, Alexandru"]
[Black "Milea, Florian"]
[Result "1-0"]
[WhiteElo "2119"]
[BlackElo "1839"]
[PlyCount "103"]
[EventDate "2014.05.10"]
[EventType "swiss"]
[EventRounds "9"]
[EventCountry "ROU"]
[SourceTitle "CBM 160 Extra"]
[Source "ChessBase"]
[SourceDate "2014.07.01"]
[SourceVersion "1"]
[SourceVersionDate "2014.07.01"]
[SourceQuality "1"]

1. d4 Nf6 2. c4 g6 3. Nc3 Bg7 4. e4 d6 5. Nf3 0-0 6. Be2 Nc6 7. h3 e5 8. Be3 Re8 9. d5 Ne7 10. Nd2 c6 11. g4 Nd7 12. Rg1 Kh8 13. h4 a5 14. h5 Ng8 15. hxg6 fxg6 16. Qc2 a4 17. Nxa4 cxd5 18. exd5 Qa5 19. Nc3 Nc5 20. Rb1 e4 21. b4 Nd3+ 22. Bxd3 exd3 23. Qxd3 Qa3 24. Nb3 Qxb4 25. Nd4 Qa5 26. Kf1 Nf6 27. f3 Nd7 28. Rb5 Qa3 29. Rb3 Qa5 30. Ndb5 Ne5 31. Qe4 Qd8 32. Bd4 Nxf3 33. Bxg7+ Kxg7 34. Qxf3 Rf8 35. Ne4 Qh4 36. Qxf8+ Kxf8 37. Rf3+ Kg7 38. Nbxd6 Bxg4 39. Rf7+ Kh6 40. Rxg4 Qh1+ 41. Ke2 Rxa2+ 42. Ke3 Ra3+ 43. Kd4 Qa1+ 44. Kc5 Ra5+ 45. Kb6 Ra6+ 46. Kc7 Qa5+ 47. Kd7 Qe1 48. c5 Ra8 49. Nf5+ gxf5 50. Rf6+ Kh5 51. Rg5+ Kh4 52. Rh6# 1-0

[Event "Iasi op"]
[Site "Iasi"]
[Date "2014.05.11"]
[Round "2"]
[White "Berescu, Alin Mile"]
[Black "Kutnik, Alexandru"]
[Result "1-0"]
[WhiteElo "2456"]
[BlackElo "2119"]
[PlyCount "59"]
[EventDate "2014.05.10"]
[EventType "swiss"]
[EventRounds "9"]
[EventCountry "ROU"]
[SourceTitle "CBM 160 Extra"]
[Source "ChessBase"]
[SourceDate "2014.07.01"]
[SourceVersion "1"]
[SourceVersionDate "2014.07.01"]
[SourceQuality "1"]

1. Nf3 g6 2. c4 Bg7 3. Nc3 d6 4. g3 e5 5. Bg2 Nc6 6. d3 f5 7. Rb1 a5 8. a3 Nf6 9. b4 axb4 10. axb4 0-0 11. b5 Ne7 12. Qb3 h6 13. c5+ Kh8 14. b6 c6 15. Ba3 Ned5 16. Nxd5 cxd5 17. cxd6 Re8 18. 0-0 d4 19. Nh4 Be6 20. Qb2 Nd5 21. Nxg6+ Kh7 22. Ne7 Nc3 23. Bxb7 Nxb1 24. Rxb1 Rb8 25. Bg2 Bd7 26. Qb3 Rf8 27. b7 h5 28. Bc5 Be8 29. Qb6 Qd7 30. Qc7 1-0

[Event "Iasi op"]
[Site "Iasi"]
[Date "2014.05.10"]
[Round "1"]
[White "Kutnik, Alexandru"]
[Black "Egli, Ioan"]
[Result "1-0"]
[WhiteElo "2119"]
[BlackElo "1596"]
[PlyCount "111"]
[EventDate "2014.05.10"]
[EventType "swiss"]
[EventRounds "9"]
[EventCountry "ROU"]
[SourceTitle "CBM 160 Extra"]
[Source "ChessBase"]
[SourceDate "2014.07.01"]
[SourceVersion "1"]
[SourceVersionDate "2014.07.01"]
[SourceQuality "1"]

1. e4 d6 2. d4 Nd7 3. c4 e5 4. Nf3 Be7 5. Nc3 Ngf6 6. Be2 0-0 7. 0-0 a6 8. Qc2 c6 9. Rd1 Qc7 10. a4 b6 11. d5 c5 12. h3 Kh8 13. Nd2 Ng8 14. Nf1 Qd8 15. g3 g6 16. Bd3 Bg5 17. Ne3 Ndf6 18. Kg2 Qd7 19. Rh1 Nh5 20. Be2 Ngf6 21. Bd2 Rb8 22. Raf1 Ne8 23. Bxh5 gxh5 24. Nf5 Qd8 25. f4 Bf6 26. Qd1 Bxf5 27. exf5 Ng7 28. g4 Rg8 29. Kh2 exf4 30. Bxf4 Be5 31. Bxe5 dxe5 32. f6 Ne8 33. Qe2 Qc7 34. Rhg1 hxg4 35. hxg4 Rg6 36. g5 Qd6 37. Ne4 Qd7 38. Nc3 Nd6 39. Qxe5 Re8 40. Qf4 b5 41. axb5 axb5 42. cxb5 Nxb5 43. Re1 Nxc3 44. bxc3 Ra8 45. c4 Ra2+ 46. Rg2 Rxg2+ 47. Kxg2 Qa4 48. Kg3 h6 49. Rh1 Qb3+ 50. Kg4 Qb2 51. Rxh6+ Rxh6 52. gxh6 Qg2+ 53. Kf5 Qg6+ 54. Ke5 Qg8 55. d6 Qe8+ 56. Kd5 1-0

[Event "ROM-ch"]
[Site "Targu Mures"]
[Date "2014.05.01"]
[Round "8"]
[White "Kutnik, Alexandru"]
[Black "Dulman, Egmond Gabriel"]
[Result "1-0"]
[WhiteElo "2119"]
[BlackElo "2067"]
[PlyCount "67"]
[EventDate "2014.04.26"]
[EventType "swiss"]
[EventRounds "11"]
[EventCountry "ROU"]
[SourceTitle "CBM 160 Extra"]
[Source "ChessBase"]
[SourceDate "2014.07.01"]
[SourceVersion "1"]
[SourceVersionDate "2014.07.01"]
[SourceQuality "1"]

1. d4 d5 2. c4 c6 3. Nc3 Nf6 4. Nf3 e6 5. Bf4 Bb4 6. Qb3 Qa5 7. Bd2 dxc4 8. Qxc4 Nd5 9. e4 Nxc3 10. bxc3 Be7 11. Qb3 Nd7 12. c4 Qa3 13. Bd3 Qxb3 14. axb3 c5 15. d5 Bf6 16. Ra2 Ne5 17. Nxe5 Bxe5 18. f4 Bd4 19. h3 h5 20. g3 f6 21. Ke2 Kf7 22. Be3 Bxe3 23. Kxe3 e5 24. h4 Re8 25. Rha1 a6 26. b4 cxb4 27. Ra4 exf4+ 28. gxf4 g5 29. Rxb4 gxf4+ 30. Kxf4 Re5 31. c5 Ra7 32. Bc4 Kg6 33. Rg1+ Kh7 34. Rb6 1-0

[Event "Arad op"]
[Site "Arad"]
[Date "2013.08.04"]
[Round "2"]
[White "Murariu, Andrei"]
[Black "Kutnik, Alexandru"]
[Result "0-1"]
[WhiteElo "2533"]
[BlackElo "2129"]
[PlyCount "84"]
[EventDate "2013.08.03"]
[EventType "swiss"]
[EventRounds "9"]
[EventCountry "ROU"]
[SourceTitle "CBM 155 Extra"]
[Source "ChessBase"]
[SourceDate "2013.08.26"]
[SourceVersion "1"]
[SourceVersionDate "2013.08.26"]
[SourceQuality "1"]

1. e4 c5 2. Nf3 Nc6 3. d4 cxd4 4. Nxd4 Qb6 5. Nb3 Nf6 6. Nc3 e6 7. Be3 Qc7 8. f3 Bb4 9. Qd2 d5 10. 0-0-0 0-0 11. Bc5 Bxc5 12. Nxc5 Rd8 13. exd5 exd5 14. Nb5 Qe7 15. Nb3 Be6 16. N5d4 Rac8 17. Bd3 Nxd4 18. Nxd4 Qc5 19. Kb1 Rd6 20. Rhe1 Rb6 21. g4 Nd7 22. Bf5 Nf8 23. Re3 Bxf5 24. Nxf5 Ne6 25. Rb3 Rxb3 26. axb3 g6 27. Ng3 d4 28. Ne4 Qe5 29. g5 Kg7 30. h4 Rd8 31. Rf1 Qf4 32. Qa5 a6 33. Nc5 Rd5 34. Nxe6+ fxe6 35. Qb6 Qf7 36. f4 e5 37. h5 e4 38. h6+ Kf8 39. Re1 e3 40. c3 Qf5+ 41. Kc1 d3 42. Qb4+ Kg8 0-1

[Event "ROM-ch"]
[Site "Baile Olanesti"]
[Date "2013.02.23"]
[Round "10"]
[White "Covaci, Stefan"]
[Black "Kutnik, Alexandru"]
[Result "0-1"]
[WhiteElo "1845"]
[BlackElo "2142"]
[PlyCount "132"]
[EventDate "2013.02.16"]
[EventType "swiss"]
[EventRounds "11"]
[EventCountry "ROU"]
[SourceTitle "CBM 153 Extra"]
[Source "ChessBase"]
[SourceDate "2013.04.22"]
[SourceVersion "1"]
[SourceVersionDate "2013.04.22"]
[SourceQuality "1"]

1. d4 d5 2. a3 Nf6 3. Nf3 Bf5 4. c4 c6 5. cxd5 cxd5 6. Nc3 Nbd7 7. Bf4 a6 8. e3 e6 9. Bd3 Bg6 10. Rc1 Be7 11. h4 Rc8 12. Ne5 Nxe5 13. Bxe5 Bxd3 14. Qxd3 0-0 15. Bxf6 gxf6 16. 0-0 f5 17. h5 Kh8 18. Ne2 Rxc1 19. Rxc1 Bd6 20. f4 Rg8 21. g3 Qh4 22. Kg2 Qxh5 23. Rh1 Qg4 24. Kf2 f6 25. Qd1 Rc8 26. Qa4 Qg7 27. Rc1 Rg8 28. Qb3 Qf7 29. Qb6 Qd7 30. Rc3 Rg7 31. Qb3 h6 32. Qd1 Kh7 33. Qh1 Qb5 34. Qc1 Qe8 35. Qh1 Rg8 36. Rc1 Qf7 37. Qh3 Re8 38. Ng1 Qd7 39. Qh4 Kg6 40. Nf3 Rc8 41. Qh1 Rc6 42. Qd1 a5 43. Rxc6 bxc6 44. Nh4+ Kg7 45. Qh5 Qf7 46. Qxf7+ Kxf7 47. a4 c5 48. dxc5 Bxc5 49. Kf3 h5 50. b3 Ke7 51. Ke2 Kd6 52. Kd3 Bb4 53. Ke2 Kc5 54. Nf3 Bc3 55. Kd3 Kb4 56. Kc2 e5 57. Nh4 Be1 58. Nxf5 e4 59. Ne7 Kc5 60. Nf5 Bf2 61. Kc3 Bxe3 62. Ng7 d4+ 63. Kc2 d3+ 64. Kd1 Kd4 65. Nxh5 Bf2 66. Nxf6 e3 0-1

[Event "ROM-ch"]
[Site "Baile Olanesti"]
[Date "2013.02.22"]
[Round "9"]
[White "Kutnik, Alexandru"]
[Black "Rusu, Vasile"]
[Result "1-0"]
[WhiteElo "2142"]
[BlackElo "1778"]
[PlyCount "76"]
[EventDate "2013.02.16"]
[EventType "swiss"]
[EventRounds "11"]
[EventCountry "ROU"]
[SourceTitle "CBM 153 Extra"]
[Source "ChessBase"]
[SourceDate "2013.04.22"]
[SourceVersion "1"]
[SourceVersionDate "2013.04.22"]
[SourceQuality "1"]

1. e4 e5 2. Nf3 Nc6 3. d4 exd4 4. Nxd4 d6 5. Bb5 Bd7 6. Bxc6 bxc6 7. Nc3 Nf6 8. 0-0 Be7 9. Qf3 c5 10. Nf5 0-0 11. Bg5 Bxf5 12. Qxf5 Qc8 13. Qf3 Nd5 14. Bd2 Nxc3 15. Bxc3 Qe6 16. Rfe1 Rad8 17. b3 Rfe8 18. Rad1 Bf6 19. Bxf6 Qxf6 20. Qxf6 gxf6 21. f3 Re5 22. c4 Rde8 23. Kf2 f5 24. exf5 Kf8 25. g4 h5 26. Rxe5 Rxe5 27. Re1 hxg4 28. fxg4 f6 29. Rxe5 fxe5 30. Kf3 c6 31. Ke4 Ke7 32. g5 a5 33. h4 Kf7 34. h5 Kg7 35. f6+ Kf7 36. Kf5 Kf8 37. g6 Kg8 38. f7+ Kg7 1-0

[Event "ROM-ch"]
[Site "Baile Olanesti"]
[Date "2013.02.20"]
[Round "6"]
[White "Tiron, Calin Andrei"]
[Black "Kutnik, Alexandru"]
[Result "1-0"]
[WhiteElo "1906"]
[BlackElo "2142"]
[PlyCount "99"]
[EventDate "2013.02.16"]
[EventType "swiss"]
[EventRounds "11"]
[EventCountry "ROU"]
[SourceTitle "CBM 153 Extra"]
[Source "ChessBase"]
[SourceDate "2013.04.22"]
[SourceVersion "1"]
[SourceVersionDate "2013.04.22"]
[SourceQuality "1"]

1. e4 c5 2. Nc3 e6 3. f4 d6 4. Bb5+ Nc6 5. Bxc6+ bxc6 6. d3 Rb8 7. Nf3 g6 8. e5 d5 9. 0-0 Ba6 10. b3 Qa5 11. Bd2 c4 12. bxc4 Bb4 13. Rb1 Rb6 14. Ne2 Bxd2 15. Qxd2 Qxd2 16. Nxd2 dxc4 17. dxc4 Kd7 18. Nc3 Ne7 19. Na4 Rxb1 20. Nc5+ Kc7 21. Nxa6+ Kb6 22. Rxb1+ Kxa6 23. Ne4 Nf5 24. c5 Rd8 25. Nd6 Rd7 26. c3 f6 27. Rb3 Nxd6 28. cxd6 fxe5 29. fxe5 Rf7 30. c4 Rf8 31. h3 g5 32. Kh2 h5 33. Kg3 Rf4 34. Rd3 Rf8 35. Rf3 Rd8 36. Rf6 Kb6 37. Rxe6 Kc5 38. Re7 Kxc4 39. d7 Kd5 40. e6 Kd6 41. Re8 Kc7 42. Rxd8 Kxd8 43. Kf3 Ke7 44. Ke4 g4 45. hxg4 hxg4 46. Kd4 Kd8 47. Kc5 Ke7 48. g3 a6 49. a3 a5 50. a4 1-0

[Event "Arad op-A"]
[Site "Arad"]
[Date "2011.08.11"]
[Round "9"]
[White "Jianu, Vlad Cristian"]
[Black "Kutnik, Alexandru"]
[Result "1-0"]
[WhiteElo "2518"]
[BlackElo "2248"]
[PlyCount "157"]
[EventDate "2011.08.05"]
[EventType "swiss"]
[EventRounds "9"]
[EventCountry "ROU"]
[SourceTitle "CBM 143 Extra"]
[Source "ChessBase"]
[SourceDate "2011.08.29"]
[SourceVersion "1"]
[SourceVersionDate "2011.08.29"]
[SourceQuality "1"]

1. c4 c6 2. d4 d5 3. Nf3 Nf6 4. e3 a6 5. Bd3 g6 6. 0-0 Bg7 7. Nc3 0-0 8. b3 Bg4 9. h3 Bxf3 10. Qxf3 e6 11. Bb2 Nbd7 12. Rfd1 Re8 13. Rd2 Qe7 14. Qe2 e5 15. dxe5 Nxe5 16. cxd5 cxd5 17. Rad1 Rad8 18. Bb1 Qe6 19. Ne4 Ned7 20. Ng5 Qe7 21. Nf3 Qe6 22. Rc2 Rc8 23. Rdc1 Rxc2 24. Qxc2 Ne4 25. Bxg7 Kxg7 26. Qb2+ Ndf6 27. Rc7 Re7 28. Nd4 Qd6 29. Rxe7 Qxe7 30. Bxe4 dxe4 31. Qc3 h6 32. a4 Kh7 33. Qc4 Kg7 34. a5 Qd6 35. Qc8 Qd5 36. b4 Qd7 37. Qb8 Qd5 38. Qc7 Qd7 39. Qc3 Qd5 40. Nb3 Qd1+ 41. Kh2 Qd6+ 42. g3 h5 43. Nc5 Qd5 44. h4 Qf5 45. Kg1 Qd5 46. Kg2 Qc6 47. Qe5 Qd5 48. Qc3 Qc6 49. Kf1 Qd5 50. Ke1 Qc6 51. Qd4 Kh7 52. Kd2 b6 53. axb6 Qxb6 54. Qc4 Qd6+ 55. Ke2 Qe7 56. Nxa6 Ng4 57. Nc5 f5 58. Ne6 Qf6 59. Qc7+ Kh6 60. Qf4+ Kh7 61. Ng5+ Kg8 62. Qb8+ Kg7 63. Qb7+ Kg8 64. Qd5+ Kg7 65. Qd7+ Kg8 66. Qe6+ Kg7 67. Qxf6+ Kxf6 68. Nh3 Ke7 69. Kd2 Kd6 70. Kc3 Kc6 71. Nf4 Nxf2 72. Nxg6 Nh1 73. Ne7+ Kd6 74. Nxf5+ Ke5 75. b5 Kxf5 76. b6 Nxg3 77. b7 Kg4 78. b8Q Kxh4 79. Qc8 1-0

[Event "Predeal op"]
[Site "Predeal"]
[Date "2006.08.17"]
[Round "8"]
[White "Petrescu, Georgian Dorin"]
[Black "Kutnik, Alexandru"]
[Result "0-1"]
[WhiteElo "2297"]
[BlackElo "2177"]
[PlyCount "106"]
[EventDate "2006.08.12"]
[EventType "swiss"]
[EventRounds "9"]
[EventCountry "ROU"]
[SourceTitle "CBM 113 Extra"]
[Source "ChessBase"]
[SourceDate "2006.09.14"]
[SourceVersion "1"]
[SourceVersionDate "2006.09.14"]
[SourceQuality "1"]

1. d4 d5 2. Nf3 c6 3. Bg5 Qb6 4. Qc1 Bg4 5. Nbd2 Nd7 6. h3 Bf5 7. e3 h6 8. Bh4 g5 9. Bg3 Bg7 10. Be2 Ngf6 11. Ne5 Rc8 12. c3 c5 13. 0-0 0-0 14. a4 a6 15. a5 Qe6 16. Kh2 Ne4 17. Nxe4 Bxe4 18. f4 Nxe5 19. fxe5 f6 20. Bg4 f5 21. Bh5 cxd4 22. exd4 f4 23. Bf2 Rc7 24. Qd1 Bg6 25. Bf3 Qf7 26. Qe2 e6 27. Rfc1 Rfc8 28. Ra4 Qe8 29. Rb4 Bf8 30. Rb6 h5 31. Be1 Rh7 32. h4 g4 33. Bxg4 hxg4 34. Qxg4 Rc6 35. c4 Kh8 36. Rxc6 bxc6 37. cxd5 cxd5 38. Qxf4 Bf5 39. g4 Be4 40. h5 Be7 41. Kg3 Rf7 42. Qh6+ Kg8 43. g5 Bxg5 44. Qxg5+ Rg7 45. Qxg7+ Kxg7 46. Rc7+ Kg8 47. Bb4 Qxh5 48. Rc8+ Kh7 49. Rf8 Qg5+ 50. Kf2 Qg2+ 51. Ke3 Qg3+ 52. Ke2 Qd3+ 53. Ke1 Qb1+ 0-1

[Event "Predeal op"]
[Site "Predeal"]
[Date "2006.08.16"]
[Round "6"]
[White "Kutnik, Alexandru"]
[Black "Vajda, Levente"]
[Result "0-1"]
[WhiteElo "2177"]
[BlackElo "2524"]
[PlyCount "104"]
[EventDate "2006.08.12"]
[EventType "swiss"]
[EventRounds "9"]
[EventCountry "ROU"]
[SourceTitle "CBM 113 Extra"]
[Source "ChessBase"]
[SourceDate "2006.09.14"]
[SourceVersion "1"]
[SourceVersionDate "2006.09.14"]
[SourceQuality "1"]

1. e4 c5 2. Nf3 d6 3. d4 cxd4 4. Nxd4 Nf6 5. Nc3 a6 6. Be3 e5 7. Nf3 Qc7 8. a4 Be7 9. a5 0-0 10. Ra4 Be6 11. Ng5 Bd7 12. Bb6 Qc8 13. Rc4 Nc6 14. Be2 Be6 15. Nxe6 fxe6 16. 0-0 Qd7 17. Bg4 Nxg4 18. Qxg4 Rf4 19. Qh3 Bd8 20. g3 Rf7 21. Bxd8 Rxd8 22. b4 Nd4 23. Rd1 Rc8 24. Qf1 Rxc4 25. Qxc4 Qc7 26. Rxd4 exd4 27. Qxd4 Rf3 28. Nd1 Qxc2 29. Qxd6 Qxe4 30. Ne3 Rf8 31. Qd2 Rc8 32. h3 h6 33. Kh2 Kh7 34. h4 Rc6 35. Kh3 e5 36. Kh2 Qd4 37. Qe1 Rf6 38. Kg1 Rd6 39. Qb1+ Qd3 40. Qb2 Rd4 41. Qa2 Rxb4 42. Qf7 Qg6 43. Qd5 Qe4 44. Qd7 Rb1+ 45. Nf1 Re1 46. h5 Qb1 47. Qh3 Qd3 48. Qg2 e4 49. g4 e3 50. fxe3 Qxe3+ 51. Kh1 Qe2 52. Qxe2 Rxe2 0-1

[Event "Galati Grand Prix op"]
[Site "Galati"]
[Date "2006.04.26"]
[Round "1"]
[White "Kutnik, Alexandru"]
[Black "Berescu, Alin Mile"]
[Result "1/2-1/2"]
[WhiteElo "2176"]
[BlackElo "2461"]
[PlyCount "59"]
[EventDate "2006.04.26"]
[EventType "swiss"]
[EventRounds "9"]
[EventCountry "ROU"]
[SourceTitle "EXT 2007"]
[Source "ChessBase"]
[SourceDate "2006.11.23"]
[SourceVersion "1"]
[SourceVersionDate "2006.11.23"]
[SourceQuality "1"]

1. e4 e6 2. d4 d5 3. e5 c5 4. c3 Qb6 5. Nf3 Bd7 6. Be2 cxd4 7. cxd4 Bb5 8. Qb3 Bxe2 9. Qxb6 axb6 10. Kxe2 Nc6 11. Bd2 h5 12. Nc3 Nh6 13. Bxh6 Rxh6 14. a3 Be7 15. h4 Rg6 16. g3 Rg4 17. Kd3 f6 18. Ne2 Ra4 19. b4 fxe5 20. Nxe5 Nxe5+ 21. dxe5 Rc4 22. Nd4 Kd7 23. Nb5 Ra8 24. Rac1 Rc6 25. f4 Rac8 26. Rc3 Rxc3+ 27. Nxc3 Ra8 28. Nb5 Kc6 29. Nd4+ Kd7 30. Nb5 1/2-1/2